Loading...
Beliefs | 0 | 7 | 0 | 2 | 70 | 96 | 134.00 | 1 | 4 |
History - US History | 2 | 4 | 1 | 1 | 65 | 48 | 92.33 | 3 | 6 |
Fine Arts - Other Fine Arts | 3 | 2 | 0 | 0 | 65 | 27 | 72.00 | 2 | 2 |
History - World History | 2 | 4 | 1 | 2 | 65 | 65 | 113.00 | 2 | 3 |
Social Science | 2 | 3 | 0 | 1 | 60 | 14 | 104.20 | 0 | 3 |
History - Other History | 0 | 4 | 1 | 3 | 35 | 75 | 112.50 | 1 | 1 |
Fine Arts - Visual Fine Arts | 1 | 2 | 1 | 0 | 30 | 66 | 101.33 | 2 | 3 |
History - European History | 0 | 3 | 0 | 1 | 30 | 117 | 130.33 | 0 | 0 |
Fine Arts - Classical Music and Opera | 1 | 2 | 2 | 0 | 25 | 53 | 113.33 | 1 | 2 |
Literature - British Literature | 0 | 3 | 1 | 1 | 25 | 125 | 153.00 | 1 | 1 |
Literature - European Literature | 1 | 1 | 0 | 0 | 25 | 56 | 79.50 | 1 | 2 |
Literature - World Literature | 0 | 2 | 0 | 0 | 20 | 87 | 101.50 | 1 | 2 |
Modern World | 1 | 0 | 0 | 0 | 15 | 90 | 90.00 | 0 | 1 |
Philosophy | 1 | 0 | 0 | 0 | 15 | 57 | 57.00 | 0 | 1 |
Literature - American Literature | 0 | 1 | 0 | 0 | 10 | 143 | 143.00 | 0 | 0 |
Geography | 0 | 1 | 0 | 0 | 10 | 120 | 120.00 | 0 | 1 |
Science - Physics | 0 | 1 | 0 | 0 | 10 | 108 | 108.00 | 0 | 1 |
Other Academic | 0 | 1 | 0 | 0 | 10 | 102 | 102.00 | 0 | 1 |
Science - Chemistry | 0 | 1 | 0 | 0 | 10 | 129 | 129.00 | 0 | 0 |